00325nam a22001097a 4500008004100000020001500041082001800056110000900074245006700083260005500150300001000205230605b xxu||||| |||| 00| 0 eng d a9966767428 a316.6762bKNB d2012 aStatistical Abstract 2012cKenya National Bureau of Statistics aNairobibKenya National Bureau of Statisticsc2012 a299 p